[Event "Sofia MGU op 189th"]
[Site "Sofia"]
[Date "2017.09.10"]
[Round "4"]
[White "Timev, Anzhelo"]
[Black "Ginev, Nikola"]
[Result "1-0"]
[WhiteElo "1805"]
[BlackElo "1714"]
[PlyCount "113"]
[EventDate "2017.09.09"]
[EventType "swiss"]
[EventRounds "6"]
[EventCountry "BUL"]
[SourceTitle "CBM 180 Extra"]
[Source "ChessBase"]
[SourceDate "2017.10.06"]
[SourceVersion "1"]
[SourceVersionDate "2017.10.06"]
[SourceQuality "1"]

1. Nf3 Nf6 2. c4 d6 3. d4 g6 4. Nc3 Bg7 5. e3 0-0 6. Be2 Nbd7 7. 0-0 e5 8. d5 a5 9. e4 Nc5 10. Qc2 Nh5 11. Ng5 Nf4 12. Bxf4 exf4 13. Nf3 f5 14. exf5 Bxf5 15. Qd2 g5 16. Nd4 Bd7 17. f3 Re8 18. Rfe1 c6 19. Kh1 Qf6 20. Rad1 Qg6 21. Nb3 Nxb3 22. axb3 c5 23. Bd3 Bf5 24. Rxe8+ Rxe8 25. Bxf5 Qxf5 26. Ne4 Be5 27. Qxa5 Rf8 28. Qc7 Qg6 29. Qd7 h6 30. Ra1 Rf7 31. Ra8+ Kh7 32. Qe8 h5 33. Qe6 Kh6 34. Rg8 Bg7 35. Qxg6+ Kxg6 36. Nxd6 Re7 37. Ne4 b6 38. Rb8 Bd4 39. h3 Ra7 40. Rxb6+ Kf5 41. g4+ fxg3 42. Nxg3+ Kf4 43. Ne2+ Kxf3 44. Nxd4+ cxd4 45. Rf6+ Kg3 46. Rf1 g4 47. hxg4 hxg4 48. Rd1 Kh3 49. Kg1 g3 50. d6 Ra2 51. d7 Rxb2 52. d8Q Rg2+ 53. Kf1 Rf2+ 54. Ke1 Kh2 55. Rd2 Kg2 56. Qxd4 Kf3 57. Rxf2+ 1-0

[Event "Teteven op 30th"]
[Site "Teteven"]
[Date "2015.08.14"]
[Round "6"]
[White "Georgiev, Nikolay"]
[Black "Timev, Anzhelo"]
[Result "0-1"]
[WhiteElo "1567"]
[BlackElo "1756"]
[PlyCount "68"]
[EventDate "2015.08.10"]
[EventType "swiss"]
[EventRounds "9"]
[EventCountry "BUL"]
[SourceTitle "CBM 167 Extra"]
[Source "ChessBase"]
[SourceDate "2015.09.14"]
[SourceVersion "1"]
[SourceVersionDate "2015.09.14"]
[SourceQuality "1"]

1. e4 c6 2. d4 d5 3. exd5 cxd5 4. c4 Nf6 5. Nc3 g6 6. Bg5 e6 7. cxd5 exd5 8. Bxf6 Qxf6 9. Nxd5 Qe6+ 10. Qe2 Bd6 11. Qxe6+ Bxe6 12. Bb5+ Kf8 13. Ne3 Bb4+ 14. Ke2 Kg7 15. a3 Bd6 16. Nf3 f6 17. Rac1 a6 18. Bc4 Bd7 19. Rhe1 Nc6 20. Nd5 Rad8 21. h3 Na5 22. Bd3 Bc6 23. Rxc6 Nxc6 24. Nc3 Rhe8+ 25. Kf1 Rxe1+ 26. Kxe1 Bc7 27. d5 Ne5 28. Nxe5 Bxe5 29. Bc4 Rc8 30. Bd3 Bxc3+ 31. bxc3 Rxc3 32. Kd2 Rxa3 33. Bc4 Kf8 34. d6 Ke8 0-1

[Event "Teteven op 30th"]
[Site "Teteven"]
[Date "2015.08.12"]
[Round "3"]
[White "Timev, Anzhelo"]
[Black "Georgiev, Todor"]
[Result "0-1"]
[WhiteElo "1756"]
[BlackElo "2170"]
[PlyCount "74"]
[EventDate "2015.08.10"]
[EventType "swiss"]
[EventRounds "9"]
[EventCountry "BUL"]
[SourceTitle "CBM 167 Extra"]
[Source "ChessBase"]
[SourceDate "2015.09.14"]
[SourceVersion "1"]
[SourceVersionDate "2015.09.14"]
[SourceQuality "1"]

1. Nf3 g6 2. d4 Bg7 3. c4 Nf6 4. Nc3 0-0 5. Bf4 d6 6. e3 Nbd7 7. Be2 Re8 8. h3 b6 9. 0-0 Bb7 10. Qc2 e5 11. dxe5 dxe5 12. Bg5 h6 13. Bh4 Nc5 14. Rfd1 Qc8 15. Bxf6 Bxf6 16. Nd5 Bg7 17. Rd2 f5 18. Nc3 Kh7 19. Rad1 a5 20. a4 Qe6 21. b3 Rf8 22. Nb5 Qf7 23. Nc3 Rae8 24. Rb1 f4 25. e4 g5 26. Nh2 h5 27. Qd1 Kh6 28. f3 Rg8 29. Nb5 Bf8 30. Kh1 g4 31. hxg4 hxg4 32. Nxg4+ Rxg4 33. fxg4 Nxe4 34. Qe1 Ng3+ 35. Kh2 Kg5 36. Qxg3 fxg3+ 37. Kxg3 Qf4+ 0-1